[Event "United Insurance 10th"]
[Site "Dhaka"]
[Date "2008.08.03"]
[Round "7"]
[White "Ali, Mohammad Imran"]
[Black "Ahmed, Sk Nasir"]
[Result "0-1"]
[WhiteElo "2172"]
[BlackElo "2292"]
[PlyCount "74"]
[EventDate "2008.07.30"]
[EventType "swiss"]
[EventRounds "10"]
[EventCountry "BAN"]
[SourceTitle "CBM 125 Extra"]
[Source "ChessBase"]
[SourceDate "2008.09.01"]
[SourceVersion "1"]
[SourceVersionDate "2008.09.01"]
[SourceQuality "1"]

1. e4 c5 2. Nf3 d6 3. d4 cxd4 4. Nxd4 Nf6 5. Nc3 a6 6. Be2 e6 7. 0-0 Be7 8. Be3 0-0 9. f4 Qc7 10. Qe1 b5 11. a3 Bb7 12. Bf3 Nbd7 13. Rd1 Rfe8 14. g4 Nc5 15. Bc1 d5 16. e5 Nfe4 17. b4 Na4 18. Nxa4 bxa4 19. Bxe4 dxe4 20. Be3 Rec8 21. Qg3 a5 22. f5 axb4 23. fxe6 fxe6 24. Nxe6 Qc4 25. Nd4 bxa3 26. Nf5 Bf8 27. Rd7 a2 28. Qf4 Bc6 29. Rf7 a1Q 30. Rxf8+ Rxf8 31. Rxa1 Bd7 32. Qg5 Bxf5 33. gxf5 Qc3 34. Rd1 Qxe5 35. Rd7 Rxf5 36. Qg4 Raf8 37. Kg2 h5 0-1

[Event "United Insurance 10th"]
[Site "Dhaka"]
[Date "2008.08.02"]
[Round "5"]
[White "Ali, Mohammad Imran"]
[Black "Bitan, Banerjee"]
[Result "1-0"]
[WhiteElo "2172"]
[BlackElo "2281"]
[PlyCount "65"]
[EventDate "2008.07.30"]
[EventType "swiss"]
[EventRounds "10"]
[EventCountry "BAN"]
[SourceTitle "CBM 125 Extra"]
[Source "ChessBase"]
[SourceDate "2008.09.01"]
[SourceVersion "1"]
[SourceVersionDate "2008.09.01"]
[SourceQuality "1"]

1. e4 e6 2. d4 d5 3. e5 c5 4. c3 Nc6 5. Nf3 Qb6 6. Bd3 cxd4 7. cxd4 Bd7 8. Bc2 Nb4 9. Nc3 Nxc2+ 10. Qxc2 Ne7 11. 0-0 Rc8 12. Be3 Nc6 13. Rfc1 Na5 14. Qe2 Nc4 15. b3 Nxe3 16. Qxe3 Ba3 17. Rc2 0-0 18. Rd1 Qa5 19. Qd3 h6 20. Nd2 Rc6 21. Ndb1 Be7 22. g3 Rfc8 23. Rdc1 Qc7 24. Kg2 a6 25. a3 f6 26. f4 fxe5 27. fxe5 Bg5 28. Rf1 Rb6 29. Rcf2 Rxb3 30. Qg6 Bb5 31. Nxb5 Rxb5 32. Kh3 Rxb1 33. Rf7 1-0

[Event "United Insurance 10th"]
[Site "Dhaka"]
[Date "2008.07.30"]
[Round "1"]
[White "Ali, Mohammad Imran"]
[Black "Rahman, Md Taibur"]
[Result "0-1"]
[WhiteElo "2172"]
[BlackElo "2307"]
[PlyCount "78"]
[EventDate "2008.07.30"]
[EventType "swiss"]
[EventRounds "10"]
[EventCountry "BAN"]
[SourceTitle "CBM 125 Extra"]
[Source "ChessBase"]
[SourceDate "2008.09.01"]
[SourceVersion "1"]
[SourceVersionDate "2008.09.01"]
[SourceQuality "1"]

1. e4 c5 2. Nf3 Nc6 3. d4 cxd4 4. Nxd4 e5 5. Nb5 d6 6. N1c3 a6 7. Na3 b5 8. Nd5 Nce7 9. Bg5 h6 10. Be3 Nxd5 11. Qxd5 Be6 12. Qd2 Nf6 13. Bd3 d5 14. exd5 Nxd5 15. 0-0 Be7 16. Rfe1 0-0 17. Bxh6 Qc7 18. c4 Nb4 19. Be4 Rad8 20. Qe3 bxc4 21. Qg3 Bf6 22. h4 Nd3 23. h5 Nxe1 24. Rxe1 Kh8 25. Be3 Qa5 26. Nc2 Qxa2 27. Qf3 Be7 28. g4 Qxb2 29. h6 g6 30. Bc5 Bxg4 31. Qxg4 Bxc5 32. Qg5 f6 33. Qg3 f5 34. Bg2 Rf6 35. Rxe5 Bd6 36. f4 Qxc2 37. Rd5 Re8 38. Qg5 Qc1+ 39. Bf1 Qe3+ 0-1

[Event "United Insurance 7th"]
[Site "Dhaka"]
[Date "2004.05.12"]
[Round "7"]
[White "Ali, Mohammad Imran"]
[Black "Sultana, Zakia"]
[Result "1-0"]
[WhiteElo "2126"]
[BlackElo "2081"]
[PlyCount "81"]
[EventDate "2004.05.07"]
[EventType "swiss"]
[EventRounds "11"]
[EventCountry "BAN"]
[SourceTitle "CBM 100 Extra"]
[Source "ChessBase"]
[SourceDate "2004.07.06"]
[SourceVersion "2"]
[SourceVersionDate "2004.07.06"]
[SourceQuality "1"]

1. e4 e6 2. d4 d5 3. e5 c5 4. c3 Bd7 5. Be3 Qb6 6. Qc2 Nc6 7. Nf3 Rc8 8. Qd2 cxd4 9. cxd4 Bb4 10. Nc3 Na5 11. Bd3 Nc4 12. Bxc4 Rxc4 13. 0-0 Ne7 14. a3 Bxc3 15. bxc3 Qa5 16. Rfc1 b5 17. Qd3 h6 18. Nd2 Rc8 19. Nb3 Qc7 20. Nc5 0-0 21. Rcb1 Bc6 22. a4 bxa4 23. Rb2 Qa5 24. Rab1 a3 25. Ra2 Rb8 26. Rba1 Bb5 27. Qd2 Bc4 28. Rxa3 Qxa3 29. Rxa3 Rb1+ 30. Qc1 Rxc1+ 31. Bxc1 Rb8 32. Ra1 Nc6 33. f4 a5 34. Kf2 Kh7 35. Ke3 Kg6 36. Ba3 h5 37. h3 Rb5 38. g4 Rb8 39. Nd7 Ra8 40. Nf8+ Rxf8 41. Bxf8 1-0